| 000 | 01242pam a2200361 a 4500 | ||
|---|---|---|---|
| 999 |
_c116899 _d116899 |
||
| 001 | 1051763 | ||
| 003 | BJBSDDR | ||
| 005 | 20230411090818.0 | ||
| 007 | ta | ||
| 008 | 900402s1991 nyuab b 001 0 eng | ||
| 010 | _a 90007205 | ||
| 020 | _a0195065999 | ||
| 020 | _a0195066006 (pbk.) | ||
| 040 |
_aDLC _cDLC _dDLC |
||
| 041 | _aeng | ||
| 043 | _an-mx--- | ||
| 050 | 0 | 0 |
_aF1226 _bM613 1991 |
| 082 | 0 | 0 |
_a972 _220 |
| 100 | 1 |
_aMeyer, Michael C, _924629 _d1935-2007 |
|
| 245 | 1 | 4 |
_aThe course of Mexican history / _cMichael C. Meyer, William L. Sherman. |
| 250 | _a4th ed. | ||
| 260 |
_aNew York : _bOxford University Press, _c1991. |
||
| 300 |
_axii, 718, xxxvii p. : _bill., maps ; _c26 cm. |
||
| 504 | _a"Selected bibliography for those who read Spanish": p. v-xix (2nd set) | ||
| 504 | _aIncludes bibliographical references and index. | ||
| 520 | _aIncludes index. Surveys Mexican history from preColumbian periods to the present | ||
| 651 | 0 |
_aMexico _xHistory. |
|
| 700 | 1 |
_aSherman, William L. _924631 |
|
| 856 | 4 | 2 |
_3Publisher description _uhttp://www.loc.gov/catdir/enhancements/fy0638/90007205-d.html |
| 906 |
_a7 _bcbc _corignew _d1 _eocip _f19 _gy-gencatlg |
||
| 942 |
_2lcc _cBK |
||